00774nam a22002177a 4500003000200000005001700002008004100019020002200060050002100082100002400103245012500127250001900252260004700271300006200318504003600380650002600416650002600442650003900468650002700507700002200534020250212100752.0250212b xxu||||| |||| 00| 0 eng d a978-1-9751-8980-8 aRT 89b.M37 2021 a Marquis, Bessie L. aLeadership roles and management functions in nursing:b theory and application cBessie L Marquis anad Carol J. Houston  aTenth edition  aPhiladelphiabWolters Kluwer Health c2021 axxvii, 747 pages :billustrations and pictures ; c26cm.  aIncludes appendices and index.  aNursing—Management. aNurse administrators. aNursing services—Administration. aLeadership in nursing. aHuston, Carol J.